000 00416nam a22001571a 4500
020 _a81-215-0529-X
082 _a302.093 4
_bALO/M
100 _aAloka Parasher
245 _aMlecchas in early India/
_cby Aloka Parasher
260 _aNew Delhi:
_bMunshiram Manoharlal,
_c1991.
300 _a350.p.
650 _aSocial Interaction Early India
650 _aSociology
650 _aSocial Sciences
942 _cBK
999 _c29079
_d29079